[Event "EuroTeams 2007 (Women)"]
[Site "Crete, Greece"]
[Date "2007.11.03"]
[Round "6.1.2"]
[White "Rajlich, Iweta"]
[Black "Javakhishvili, Lela"]
[Result "1/2-1/2"]
[WhiteElo "2411"]
[BlackElo "2474"]
[PlyCount "64"]
[EventDate "2007.10.28"]
[WhiteTeam "Poland"]
[BlackTeam "Georgia"]
[WhiteTeamCountry "POL"]
[BlackTeamCountry "GEO"]

1. d4 Nf6 2. c4 e6 3. Nc3 Bb4 4. Qc2 O-O 5. Nf3 c5 6. dxc5 Na6 7. g3 Nxc5 8.
Bg2 Nce4 9. Bd2 Nxd2 10. Nxd2 Be7 11. O-O a6 12. Rfd1 Qc7 13. Rac1 Rb8 14. Qd3
d6 15. Nde4 Rd8 16. Nxf6+ Bxf6 17. Ne4 Be7 18. h4 h6 19. g4 b6 20. g5 hxg5 21.
hxg5 Bb7 22. g6 Bxe4 23. Qxe4 Bf6 24. Bh3 Re8 25. gxf7+ Kxf7 26. Rd3 Qc5 27.
Rcd1 d5 28. cxd5 exd5 29. Qf3 Rbd8 30. Rxd5 Rxd5 31. Rxd5 Qc1+ 32. Kg2 Qc4
1/2-1/2

[Event "EuroTeams 2007 (Women)"]
[Site "Crete, Greece"]
[Date "2007.11.03"]
[Round "6.1.3"]
[White "Khurtsidze, Nino"]
[Black "Zawadzka, Jolanta"]
[Result "1/2-1/2"]
[WhiteElo "2450"]
[BlackElo "2371"]
[PlyCount "63"]
[EventDate "2007.10.28"]
[WhiteTeam "Georgia"]
[BlackTeam "Poland"]
[WhiteTeamCountry "GEO"]
[BlackTeamCountry "POL"]

1. d4 Nf6 2. c4 g6 3. Nf3 Bg7 4. g3 d6 5. Bg2 O-O 6. O-O Nc6 7. d5 Na5 8. Nfd2
c5 9. a3 Nd7 10. Ra2 b5 11. cxb5 c4 12. a4 a6 13. Na3 axb5 14. axb5 Ne5 15.
Naxc4 Nexc4 16. Nxc4 Bd7 17. Na3 Qb8 18. Qd3 Rc8 19. Bg5 Nc4 20. Qb3 Bxb5 21.
Nxb5 Rxa2 22. Qxa2 Qxb5 23. b3 Nb6 24. e4 h6 25. Be3 Ra8 26. Qc2 Rc8 27. Qa2
Ra8 28. Qb1 Ra3 29. Qc1 Rxb3 30. Bxh6 Rc3 31. Qa1 Bd4 32. Qa7 1/2-1/2

[Event "EuroTeams 2007 (Women)"]
[Site "Crete, Greece"]
[Date "2007.11.03"]
[Round "6.1.4"]
[White "Dworakowska, Joanna"]
[Black "Dzagnidze, Nana"]
[Result "1/2-1/2"]
[WhiteElo "2316"]
[BlackElo "2416"]
[PlyCount "52"]
[EventDate "2007.10.28"]
[WhiteTeam "Poland"]
[BlackTeam "Georgia"]
[WhiteTeamCountry "POL"]
[BlackTeamCountry "GEO"]

1. d4 Nf6 2. c4 e6 3. Nf3 Bb4+ 4. Nbd2 d5 5. Qa4+ Nc6 6. a3 Be7 7. e3 O-O 8.
Qc2 a5 9. b3 Nb8 10. Bb2 dxc4 11. Nxc4 b6 12. Bd3 Bb7 13. Nce5 Ba6 14. Bxa6
Rxa6 15. O-O Nfd7 16. Rfd1 Nxe5 17. Nxe5 Ra7 18. e4 Bd6 19. Nd3 Qh4 20. e5 Be7
21. Re1 Rd8 22. Re3 Bf8 23. Rh3 Qe7 24. Nc5 h6 25. Ne4 Nd7 26. Re1 c5 1/2-1/2

[Event "EuroTeams 2007 (Women)"]
[Site "Crete, Greece"]
[Date "2007.11.03"]
[Round "6.2.2"]
[White "Kosintseva, Tatiana"]
[Black "Krivec, Jana"]
[Result "1-0"]
[WhiteElo "2492"]
[BlackElo "2315"]
[PlyCount "81"]
[EventDate "2007.10.28"]
[WhiteTeam "Russia"]
[BlackTeam "Slovenija"]
[WhiteTeamCountry "RUS"]
[BlackTeamCountry "SLO"]

1. e4 e5 2. Nf3 d6 3. d4 exd4 4. Nxd4 Nf6 5. Nc3 Be7 6. Bf4 O-O 7. Qd2 a6 8.
O-O-O b5 9. Be2 c5 10. Nf5 Bxf5 11. exf5 Nc6 12. Bf3 Rc8 13. Bxc6 Rxc6 14. Rhe1
Re8 15. Nd5 Nxd5 16. Qxd5 Rb6 17. Kb1 Bf8 18. g4 Rxe1 19. Rxe1 h6 20. f3 Rb8
21. Qc6 Qc8 22. Qd5 Qd8 23. Bg3 a5 24. h4 a4 25. f4 a3 26. g5 axb2 27. f6 gxf6
28. g6 Qd7 29. f5 Kg7 30. Bf4 fxg6 31. Rg1 Kh7 32. fxg6+ Kh8 33. Qd2 Qg7 34. h5
Ra8 35. Qd5 Qa7 36. Qf7 Bg7 37. Re1 Qxf7 38. gxf7 Rf8 39. Re7 d5 40. Bd6 f5 41.
Re8 1-0

[Event "EuroTeams 2007 (Women)"]
[Site "Crete, Greece"]
[Date "2007.11.03"]
[Round "6.2.3"]
[White "Srebrnic, Ana"]
[Black "Kovalevskaya, Ekaterina"]
[Result "0-1"]
[WhiteElo "2278"]
[BlackElo "2448"]
[PlyCount "88"]
[EventDate "2007.10.28"]
[WhiteTeam "Slovenija"]
[BlackTeam "Russia"]
[WhiteTeamCountry "SLO"]
[BlackTeamCountry "RUS"]

1. Nf3 d5 2. d4 c6 3. c4 e6 4. Qc2 Nf6 5. Bg5 h6 6. Bxf6 Qxf6 7. e3 Nd7 8. Nc3
g6 9. Bd3 dxc4 10. Bxc4 Bg7 11. O-O Qe7 12. Rfe1 O-O 13. Rad1 b5 14. Bb3 Bb7
15. e4 Rac8 16. Qb1 b4 17. Na4 c5 18. dxc5 Nxc5 19. Nxc5 Qxc5 20. Rd7 Bc6 21.
Rd2 Rfd8 22. Rc2 Qb6 23. Qc1 Bb7 24. Bc4 Rc7 25. Qf4 Rcd7 26. h3 Rd1 27. Rc1 g5
28. Qg4 Rxc1 29. Rxc1 Bxb2 30. Rb1 Bg7 31. h4 Qc6 32. hxg5 h5 33. Qxh5 Qxc4 34.
g6 fxg6 35. Qa5 Qd3 36. Rxb4 Bc6 37. Qc7 Qd1+ 38. Kh2 Qd6+ 39. Qxd6 Rxd6 40.
Rb8+ Kf7 41. e5 Rd3 42. Ng5+ Ke7 43. f4 Bh6 44. Rh8 Bxg5 0-1

[Event "EuroTeams 2007 (Women)"]
[Site "Crete, Greece"]
[Date "2007.11.03"]
[Round "6.2.4"]
[White "Korbut, Ekaterina"]
[Black "Rozic, Vesna"]
[Result "1-0"]
[WhiteElo "2443"]
[BlackElo "2277"]
[PlyCount "113"]
[EventDate "2007.10.28"]
[WhiteTeam "Russia"]
[BlackTeam "Slovenija"]
[WhiteTeamCountry "RUS"]
[BlackTeamCountry "SLO"]

1. e4 e6 2. d4 d5 3. Nd2 c5 4. Ngf3 cxd4 5. Nxd4 Nf6 6. e5 Nfd7 7. Bb5 a6 8.
Bxd7+ Bxd7 9. O-O Nc6 10. N2f3 Be7 11. Re1 O-O 12. c3 Qc7 13. Bf4 Rfe8 14. Qe2
Na5 15. Rad1 Rac8 16. Rd3 Bb5 17. Nxb5 axb5 18. Nd4 b4 19. Rh3 g6 20. Qg4 bxc3
21. bxc3 Qd8 22. Bh6 Rc4 23. Rf3 Qd7 24. Qf4 Bd8 25. Rh3 Qe7 26. Qd2 Nc6 27.
Nf3 Re4 28. Rxe4 dxe4 29. Bg7 Nxe5 30. Nxe5 f6 31. Bxf6 Qxf6 32. Qd7 Qe7 33.
Re3 Bc7 34. Qxe7 Rxe7 35. Ng4 Kf7 36. Rxe4 Rd7 37. Kf1 Rd1+ 38. Ke2 Ra1 39. a4
Bd6 40. Ne3 Bc5 41. Rc4 Ra2+ 42. Kd3 Bd6 43. Nc2 Rb2 44. g3 g5 45. h4 h6 46. h5
Be5 47. g4 Bd6 48. f3 Ra2 49. Re4 Be7 50. Kd2 Rb2 51. Kc1 Rb3 52. Rc4 b5 53.
axb5 Rxb5 54. Rc7 Kf6 55. Nd4 Rd5 56. Kc2 Rd8 57. Rxe7 1-0

[Event "EuroTeams 2007 (Women)"]
[Site "Crete, Greece"]
[Date "2007.11.03"]
[Round "6.3.2"]
[White "Zhukova, Natalia"]
[Black "Vajda, Szidonia"]
[Result "1-0"]
[WhiteElo "2452"]
[BlackElo "2407"]
[PlyCount "49"]
[EventDate "2007.10.28"]
[WhiteTeam "Ukraine"]
[BlackTeam "Hungary"]
[WhiteTeamCountry "UKR"]
[BlackTeamCountry "HUN"]

1. c4 c5 2. Nf3 e6 3. e3 Nf6 4. d4 cxd4 5. exd4 d5 6. Nc3 Bb4 7. cxd5 Nxd5 8.
Bd2 O-O 9. Bd3 Nc6 10. O-O Be7 11. Nxd5 Qxd5 12. Bc3 Bd7 13. Re1 Rfd8 14. Be4
Qh5 15. Qb3 Rab8 16. d5 exd5 17. Bxd5 Bd6 18. Rad1 Bf5 19. Bxc6 Be6 20. Qb5
Bxh2+ 21. Nxh2 Qxd1 22. Rxd1 Rxd1+ 23. Nf1 f6 24. Bf3 Ra1 25. Bd5 1-0

[Event "EuroTeams 2007 (Women)"]
[Site "Crete, Greece"]
[Date "2007.11.03"]
[Round "6.3.3"]
[White "Madl, Ildiko"]
[Black "Ushenina, Anna"]
[Result "1/2-1/2"]
[WhiteElo "2381"]
[BlackElo "2486"]
[PlyCount "95"]
[EventDate "2007.10.28"]
[WhiteTeam "Hungary"]
[BlackTeam "Ukraine"]
[WhiteTeamCountry "HUN"]
[BlackTeamCountry "UKR"]

1. e4 Nf6 2. e5 Nd5 3. d4 d6 4. c4 Nb6 5. exd6 cxd6 6. Nc3 g6 7. Be3 Bg7 8. Rc1
O-O 9. b3 e5 10. dxe5 dxe5 11. Qxd8 Rxd8 12. c5 N6d7 13. Bc4 Nc6 14. Ne4 Nd4
15. Ne2 Nf8 16. Bg5 Bf5 17. N2g3 Rdc8 18. O-O Be6 19. Bf6 Bxc4 20. Rxc4 Nfe6
21. f3 Rc6 22. Re1 Bxf6 23. Nxf6+ Kg7 24. Nd5 Rd8 25. Nb4 Rxc5 26. Rxc5 Nxc5
27. Rxe5 Nce6 28. Kf2 Rc8 29. Ne2 Nf5 30. g4 Ne7 31. a4 b6 32. a5 Kf6 33. f4
Nxf4 34. Rxe7 Kxe7 35. axb6 Nh3+ 36. Kg3 axb6 37. Kxh3 Kd6 38. Kg3 Kc5 39. Nd3+
Kd5 40. Kf3 g5 41. Nb4+ Ke5 42. Nd3+ Kd5 43. Ne1 Rc6 44. Ke3 Re6+ 45. Kd3 Rf6
46. Ke3 Re6+ 47. Kd3 Rf6 48. Ke3 1/2-1/2

[Event "EuroTeams 2007 (Women)"]
[Site "Crete, Greece"]
[Date "2007.11.03"]
[Round "6.3.4"]
[White "Vasilevich, Tatjana"]
[Black "Gara, Anita"]
[Result "1-0"]
[WhiteElo "2368"]
[BlackElo "2315"]
[PlyCount "127"]
[EventDate "2007.10.28"]
[WhiteTeam "Ukraine"]
[BlackTeam "Hungary"]
[WhiteTeamCountry "UKR"]
[BlackTeamCountry "HUN"]

1. d4 d5 2. c4 Nc6 3. Nc3 dxc4 4. Nf3 Bg4 5. d5 Bxf3 6. exf3 Ne5 7. Bf4 Nd3+ 8.
Bxd3 cxd3 9. Nb5 Rc8 10. Nxa7 e5 11. dxe6 d2+ 12. Bxd2 Rb8 13. exf7+ Kxf7 14.
Qb3+ Kg6 15. Nb5 c6 16. Qc2+ Kf7 17. Nc3 Nf6 18. O-O Bd6 19. Ne4 Nxe4 20. fxe4
Rf8 21. Qc4+ Kg6 22. f4 h6 23. e5 Bc5+ 24. Qxc5 Qxd2 25. Rf2 Qd3 26. Raf1 Qf5
27. g4 Qe4 28. f5+ Kh7 29. Rf4 Qe2 30. R1f2 Qe1+ 31. Rf1 Qe2 32. Qd6 Qc2 33. f6
Qg6 34. Qd4 Rbe8 35. fxg7 Rxf4 36. Rxf4 Qxg7 37. Rf6 Re7 38. Qd3+ Kh8 39. Rxh6+
Qxh6 40. Qd8+ Kg7 41. Qxe7+ Kg8 42. Qd8+ Kh7 43. Qc7+ Kg8 44. Qc8+ Kg7 45.
Qxb7+ Kg8 46. Qc8+ Kg7 47. Qd7+ Kg8 48. Qd8+ Kh7 49. Qd3+ Kh8 50. Kg2 Qg5 51.
Qe2 Kg7 52. a4 Qd8 53. Kg3 Qb6 54. e6 Qg1+ 55. Kh4 Kf8 56. e7+ Ke8 57. a5 Qc1
58. a6 Qh6+ 59. Kg3 Qd6+ 60. Kh3 Qc5 61. Qe4 Qb5 62. a7 Qa6 63. Kh4 Qc8 64. Qe5
1-0

[Event "EuroTeams 2007 (Women)"]
[Site "Crete, Greece"]
[Date "2007.11.03"]
[Round "6.4.1"]
[White "Dembo, Yelena"]
[Black "Skripchenko, Almira"]
[Result "0-1"]
[WhiteElo "2448"]
[BlackElo "2438"]
[PlyCount "130"]
[EventDate "2007.10.28"]
[WhiteTeam "Greece"]
[BlackTeam "France"]
[WhiteTeamCountry "GRE"]
[BlackTeamCountry "FRA"]

1. e4 d6 2. d4 Nf6 3. Nc3 g6 4. Be3 c6 5. Qd2 b5 6. f3 Nbd7 7. h4 h5 8. Nh3 a6
9. Ng5 e5 10. O-O-O Bb7 11. f4 Ng4 12. dxe5 Nxe3 13. Qxe3 dxe5 14. g3 Bc5 15.
Qd3 Qe7 16. Bh3 Nb6 17. fxe5 Qxe5 18. Rhf1 f6 19. Ne6 Be7 20. Nf4 Rd8 21. Qf3
Rxd1+ 22. Nxd1 Rg8 23. Nd3 Qc7 24. e5 f5 25. Nf4 Qxe5 26. Nxg6 Rxg6 27. Qxh5
Qg7 28. Ne3 Qh6 29. Qxh6 Rxh6 30. Nxf5 Rh7 31. Bg2 Kd8 32. Nd4 Nd5 33. Be4 Rh6
34. Nf5 Rh8 35. Re1 Bc5 36. Bxd5 cxd5 37. Re6 Re8 38. Rf6 Rf8 39. Rxf8+ Bxf8
40. Kd2 Bc8 41. Nd4 Ke7 42. Kd3 Kd6 43. c3 Bg4 44. Ke3 Bh6+ 45. Kd3 Bg7 46. Ke3
Be5 47. b4 Bxg3 48. Nb3 Bxh4 49. Nc5 Bc8 50. Ke2 Bg5 51. Kd3 Ke5 52. Kc2 Be3
53. Nb3 Bf5+ 54. Kb2 d4 55. cxd4+ Bxd4+ 56. Ka3 Kd5 57. Na5 Bb6 58. Nb3 Be3 59.
Na5 Bd2 60. Kb3 Bg4 61. a3 Bd1+ 62. Kb2 Be1 63. Ka2 Bc3 64. Kb1 Ba4 65. Ka2 Bd4
0-1

[Event "EuroTeams 2007 (Women)"]
[Site "Crete, Greece"]
[Date "2007.11.03"]
[Round "6.4.2"]
[White "Collas, Silvia"]
[Black "Botsari, Anna-Maria"]
[Result "1/2-1/2"]
[WhiteElo "2408"]
[BlackElo "2341"]
[PlyCount "140"]
[EventDate "2007.10.28"]
[WhiteTeam "France"]
[BlackTeam "Greece"]
[WhiteTeamCountry "FRA"]
[BlackTeamCountry "GRE"]

1. c4 e5 2. Nc3 Nf6 3. Nf3 Nc6 4. e3 Bb4 5. Qc2 O-O 6. Nd5 a5 7. Qf5 Nxd5 8.
cxd5 d6 9. Qh5 Ne7 10. a3 Bc5 11. d4 exd4 12. exd4 Bb6 13. Bd3 g6 14. Qh6 f6
15. O-O Bg4 16. Qf4 Qd7 17. h3 Bf5 18. Bc4 Rae8 19. a4 g5 20. Qg3 Be4 21. Bd2
h5 22. Ra3 Nf5 23. Qh2 Nxd4 24. Nxd4 Bxd4 25. Bc3 Bxc3 26. bxc3 Qf5 27. Rb3 b6
28. h4 g4 29. Bb5 Re5 30. c4 Bc2 31. Rc3 Rf7 32. Qg3 Rfe7 33. Kh2 Re1 34. Rxe1
Rxe1 35. f3 Re2 36. c5 Rd2 37. cxb6 cxb6 38. Rc6 Qe5 39. Rxd6 Kg7 40. Qxe5 fxe5
41. Kg3 gxf3 42. gxf3 Rd4 43. Rxb6 Bxa4 44. Bxa4 Rxa4 45. Re6 Rd4 46. Rxe5 Kg6
47. Rg5+ Kh6 48. d6 a4 49. Ra5 Kg6 50. d7 Rxd7 51. Rxa4 Rd6 52. Kf4 Rf6+ 53.
Ke3 Re6+ 54. Re4 Ra6 55. Rd4 Re6+ 56. Kf4 Rf6+ 57. Kg3 Ra6 58. Rd8 Rb6 59. Rg8+
Kh6 60. Rg5 Ra6 61. Rd5 Kg6 62. Re5 Rb6 63. Kf4 Rb4+ 64. Re4 Rb6 65. Rd4 Rf6+
66. Ke3 Re6+ 67. Kd3 Rf6 68. Ke4 Re6+ 69. Kd5 Rf6 70. Ke4 Re6+ 1/2-1/2

[Event "EuroTeams 2007 (Women)"]
[Site "Crete, Greece"]
[Date "2007.11.03"]
[Round "6.4.4"]
[White "Leconte, Maria"]
[Black "Fakhiridou, Ekaterini"]
[Result "1/2-1/2"]
[WhiteElo "2364"]
[BlackElo "2270"]
[PlyCount "61"]
[EventDate "2007.10.28"]
[WhiteTeam "France"]
[BlackTeam "Greece"]
[WhiteTeamCountry "FRA"]
[BlackTeamCountry "GRE"]

1. e4 c5 2. Nf3 d6 3. d4 cxd4 4. Nxd4 Nf6 5. Nc3 a6 6. g3 e5 7. Nb3 Be7 8. Bg2
Nbd7 9. a4 Qc7 10. O-O O-O 11. Re1 Nb6 12. Bg5 Be6 13. Ra2 Rfc8 14. a5 Nbd7 15.
h3 h6 16. Be3 b5 17. axb6 Nxb6 18. Bxb6 Qxb6 19. Nd5 Nxd5 20. exd5 Bf5 21. c3
a5 22. Nd2 Bd7 23. Nf3 Bd8 24. g4 a4 25. Nd2 a3 26. bxa3 Rxc3 27. a4 Bg5 28.
Qb1 Qxb1 29. Rxb1 Rxa4 30. Rxa4 Bxa4 31. Ne4 1/2-1/2

[Event "EuroTeams 2007 (Women)"]
[Site "Crete, Greece"]
[Date "2007.11.03"]
[Round "6.5.1"]
[White "Peng, Zhaoqin"]
[Black "Bojkovic, Natasa"]
[Result "1-0"]
[WhiteElo "2419"]
[BlackElo "2428"]
[PlyCount "91"]
[EventDate "2007.10.28"]
[WhiteTeam "Netherlands"]
[BlackTeam "SRB"]
[WhiteTeamCountry "NED"]

1. d4 Nf6 2. c4 e6 3. Nf3 b6 4. g3 c6 5. Bg2 Be7 6. O-O O-O 7. Nbd2 d5 8. Qc2
Bb7 9. e4 Nbd7 10. e5 Ne8 11. b3 Rc8 12. Bb2 c5 13. Rac1 dxc4 14. bxc4 cxd4 15.
Nxd4 Bxg2 16. Kxg2 Nxe5 17. Nxe6 fxe6 18. Bxe5 b5 19. Rfd1 Qb6 20. f3 Rf5 21.
Qe4 Bf6 22. Bf4 b4 23. Nb3 Bc3 24. Bd6 Rf6 25. c5 Qa6 26. Rc2 Qb5 27. Be7 Rf7
28. Bg5 Qa6 29. Re2 Nc7 30. Rd6 Qb5 31. Bd8 Ne8 32. Rxe6 Rxd8 33. Rxe8+ Rf8 34.
Qe6+ Kh8 35. Rxd8 Rxd8 36. c6 Rf8 37. Re4 h6 38. c7 Qb7 39. Qe8 Kg8 40. Qe6+
Kh7 41. Qc4 Rc8 42. Re7 Bf6 43. Rd7 Kh8 44. Nd2 Kh7 45. Ne4 Be5 46. Qd3 1-0

[Event "EuroTeams 2007 (Women)"]
[Site "Crete, Greece"]
[Date "2007.11.03"]
[Round "6.5.2"]
[White "Chelushkina, Irina"]
[Black "Muhren, Bianca"]
[Result "0-1"]
[WhiteElo "2351"]
[BlackElo "2303"]
[PlyCount "69"]
[EventDate "2007.10.28"]
[WhiteTeam "SRB"]
[BlackTeam "Netherlands"]
[BlackTeamCountry "NED"]

1. Nf3 d5 2. c4 d4 3. g3 Nc6 4. d3 e5 5. Bg2 Nf6 6. O-O Nd7 7. e3 Be7 8. exd4
exd4 9. Na3 Nc5 10. Nc2 a5 11. Re1 O-O 12. Bf4 Bg4 13. h3 Bh5 14. g4 Bg6 15.
Bf1 Bd6 16. Bg5 f6 17. Bh4 Bf4 18. Bg3 Qd6 19. Kg2 Rad8 20. Nh4 Bxg3 21. fxg3
Ne5 22. Nxg6 Qc6+ 23. Kg1 hxg6 24. Bg2 Qb6 25. Kh2 Ncxd3 26. Rf1 Nxb2 27. Qc1
Nexc4 28. Rb1 d3 29. Na3 d2 30. Qc3 Qb4 31. Qc2 Qxa3 32. Qxg6 Ne5 33. Qf5 d1=Q
34. Qe6+ Rf7 35. Rfxd1 0-1

[Event "EuroTeams 2007 (Women)"]
[Site "Crete, Greece"]
[Date "2007.11.03"]
[Round "6.5.3"]
[White "Schuurman, Petra"]
[Black "Benderac, Ana"]
[Result "1-0"]
[WhiteElo "2281"]
[BlackElo "2328"]
[PlyCount "93"]
[EventDate "2007.10.28"]
[WhiteTeam "Netherlands"]
[BlackTeam "SRB"]
[WhiteTeamCountry "NED"]

1. d4 Nf6 2. c4 e6 3. Nf3 Bb4+ 4. Bd2 Bxd2+ 5. Qxd2 b6 6. Nc3 Bb7 7. g3 d6 8.
Bg2 O-O 9. O-O Ne4 10. Qc2 Nxc3 11. Qxc3 Nd7 12. b4 c5 13. dxc5 dxc5 14. b5 Qc7
15. a4 Rad8 16. a5 Bxf3 17. Bxf3 Ne5 18. axb6 axb6 19. Bg2 Rd4 20. f4 Ng4 21.
e3 Rd6 22. Bf3 Nh6 23. Ra3 Qe7 24. Rfa1 Nf5 25. Kf2 f6 26. g4 Nh6 27. Ra7 Qe8
28. g5 Nf5 29. gxf6 gxf6 30. Bc6 Rxc6 31. bxc6 Qxc6 32. Rg1+ Kh8 33. Qd3 Qe8
34. e4 Qb8 35. exf5 Qxa7 36. fxe6 Qc7 37. Qe3 Rd8 38. e7 Re8 39. Re1 Qd6 40.
Kf3 Qc6+ 41. Qe4 Qd7 42. Qe6 Qd3+ 43. Re3 Qf1+ 44. Kg4 Qd1+ 45. Kf5 Qh5+ 46.
Kxf6 Qxh2 47. Qe5 1-0

[Event "EuroTeams 2007 (Women)"]
[Site "Crete, Greece"]
[Date "2007.11.03"]
[Round "6.6.1"]
[White "Peptan, Corina-Isabela"]
[Black "Danielian, Elina"]
[Result "1/2-1/2"]
[WhiteElo "2405"]
[BlackElo "2458"]
[PlyCount "90"]
[EventDate "2007.10.28"]
[WhiteTeam "Romania"]
[BlackTeam "Armenia"]
[WhiteTeamCountry "ROM"]
[BlackTeamCountry "ARM"]

1. e4 e6 2. d4 d5 3. Nd2 c5 4. Ngf3 Nf6 5. exd5 exd5 6. dxc5 Bxc5 7. Nb3 Bd6 8.
Bb5+ Nc6 9. Qe2+ Ne4 10. Be3 O-O 11. O-O-O a6 12. Bd3 Re8 13. Bxe4 dxe4 14. Ng5
Bf5 15. Nxf7 Kxf7 16. Qh5+ Bg6 17. Qd5+ Re6 18. h4 h6 19. h5 Bh7 20. Nd4 Nxd4
21. Qxb7+ Re7 22. Qd5+ Ne6 23. Qxd6 Qxd6 24. Rxd6 Rc7 25. Rhd1 Ke7 26. Bb6 Rb7
27. b3 Rc8 28. Be3 Rbc7 29. c4 Rc6 30. Rd7+ Kf6 31. Bxh6 R8c7 32. Be3 Bf5 33.
R1d5 Rxd7 34. Rxd7 Nf4 35. Ra7 Nxh5 36. Bd4+ Ke6 37. Kd2 g6 38. Ke3 Nf6 39. Kf4
e3 40. Kxe3 Bb1 41. a3 Ne8 42. Kd2 Nd6 43. g4 Ba2 44. Rg7 Bxb3 45. c5 Ne4+
1/2-1/2

[Event "EuroTeams 2007 (Women)"]
[Site "Crete, Greece"]
[Date "2007.11.03"]
[Round "6.6.2"]
[White "Mkrtchian, Lilit"]
[Black "Voicu, Carmen"]
[Result "1-0"]
[WhiteElo "2402"]
[BlackElo "2333"]
[PlyCount "49"]
[EventDate "2007.10.28"]
[WhiteTeam "Armenia"]
[BlackTeam "Romania"]
[WhiteTeamCountry "ARM"]
[BlackTeamCountry "ROM"]

1. e4 c5 2. Nf3 e6 3. d4 cxd4 4. Nxd4 Nf6 5. Nc3 d6 6. g4 h6 7. h4 Be7 8. Rg1
d5 9. exd5 Nxd5 10. Nxd5 Qxd5 11. Bg2 Qa5+ 12. Bd2 Qb6 13. Bc3 Bxh4 14. Qe2 Bf6
15. O-O-O Nd7 16. Nb5 Bxc3 17. Nxc3 Nc5 18. Nd5 Qa5 19. Kb1 O-O 20. Ne7+ Kh7
21. g5 Qb4 22. Qe5 f6 23. gxf6 Rxf6 24. Rd4 Nd3 25. Qe4+ 1-0

[Event "EuroTeams 2007 (Women)"]
[Site "Crete, Greece"]
[Date "2007.11.03"]
[Round "6.6.4"]
[White "Andriasian, Siranush"]
[Black "Paulet, Iozefina"]
[Result "0-1"]
[WhiteElo "2234"]
[BlackElo "2276"]
[PlyCount "138"]
[EventDate "2007.10.28"]
[WhiteTeam "Armenia"]
[BlackTeam "Romania"]
[WhiteTeamCountry "ARM"]
[BlackTeamCountry "ROM"]

1. e4 c5 2. Nf3 d6 3. d4 cxd4 4. Nxd4 Nf6 5. Nc3 a6 6. Bg5 e6 7. f4 Qb6 8. Qd2
Nc6 9. Nb3 Be7 10. Bxf6 Bxf6 11. O-O-O O-O 12. Kb1 Rd8 13. g4 Qb4 14. Bg2 Bxc3
15. Qxc3 Qxc3 16. bxc3 Kf8 17. Rd3 Ke7 18. g5 f6 19. gxf6+ Kxf6 20. Rhd1 Ke7
21. Rh3 h6 22. Rg3 Rg8 23. Bf3 Bd7 24. Rdg1 g5 25. h4 Raf8 26. hxg5 hxg5 27.
fxg5 Ne5 28. Be2 Bc6 29. Nd2 Rf2 30. R1g2 Rxg2 31. Rxg2 Nf7 32. g6 Ne5 33. g7
Kf6 34. Bd3 Rxg7 35. Rf2+ Ke7 36. c4 Rg3 37. Bf1 Ng4 38. Rf4 e5 39. Rf5 Ne3 40.
Rf2 Nd1 41. Rg2 Rxg2 42. Bxg2 Kf6 43. Kc1 Nf2 44. Nb3 Bxe4 45. Bf1 Bc6 46. c5
dxc5 47. Nxc5 Ne4 48. Nb3 Kf5 49. Na5 Nc5 50. Kd2 Kf4 51. Kc3 Bd5 52. Kb4 b6
53. Nc4 Bxc4 54. Kxc4 Ke3 55. Kd5 Kf2 56. Bh3 e4 57. Kc6 e3 58. Bg4 Na4 59. Kb7
a5 60. Kc6 e2 61. Bxe2 Kxe2 62. Kb5 Nc3+ 63. Kxb6 a4 64. Ka5 Kd2 65. Kb4 Kxc2
66. Ka3 Kb1 67. Kb4 Kb2 68. a3 Kc2 69. Kc4 Na2 0-1

[Event "EuroTeams 2007 (Women)"]
[Site "Crete, Greece"]
[Date "2007.11.03"]
[Round "6.7.2"]
[White "Llaneza Vega, Patricia"]
[Black "Voiska, Margarita"]
[Result "0-1"]
[WhiteElo "2272"]
[BlackElo "2294"]
[PlyCount "208"]
[EventDate "2007.10.28"]
[WhiteTeam "Espana"]
[BlackTeam "Bulgaria"]
[WhiteTeamCountry "ESP"]
[BlackTeamCountry "BUL"]

1. e4 e5 2. Nf3 d6 3. d4 exd4 4. Nxd4 Nf6 5. Nc3 Be7 6. Bf4 O-O 7. Qd2 Nc6 8.
O-O-O Nxd4 9. Qxd4 Be6 10. f3 Nd7 11. Kb1 Bf6 12. Qe3 a6 13. g4 Re8 14. g5 Be5
15. Bxe5 dxe5 16. h4 c6 17. h5 Qe7 18. Ne2 Qc5 19. Qxc5 Nxc5 20. Ng3 Rad8 21.
Be2 g6 22. a3 a5 23. Kc1 b5 24. Rxd8 Rxd8 25. Rd1 Rxd1+ 26. Kxd1 Bh3 27. hxg6
hxg6 28. Kd2 Kf8 29. Ke3 Ke7 30. Nh1 Ne6 31. Nf2 Nxg5 32. Nd3 f6 33. f4 Nf7 34.
b4 axb4 35. axb4 Be6 36. fxe5 Nxe5 37. Nc5 g5 38. c3 Bc8 39. Nb3 Kd6 40. Nd4
Bd7 41. Nb3 Be6 42. Nd4 Bg4 43. Bf1 Kc7 44. Nb3 Bh5 45. Nc5 Bf7 46. Bh3 Bc4 47.
Bf5 Kd6 48. Nb7+ Ke7 49. Nc5 Bf7 50. Bh3 Kd6 51. Nb7+ Kc7 52. Nc5 Bh5 53. Bf1
Bg4 54. Nb3 Kb6 55. Nc5 Bc8 56. Nb3 Ng6 57. Nd4 Nf4 58. c4 bxc4 59. Bxc4 c5 60.
bxc5+ Kxc5 61. Bf1 Kd6 62. Nf3 Ng6 63. Nd2 Be6 64. Bg2 Nh4 65. Bh1 Ke5 66. Nf1
Bd7 67. Ng3 Bc6 68. Kf2 Ng6 69. Bf3 Nf4 70. Ke3 Bd7 71. Bd1 Bh3 72. Bf3 Ne6 73.
Ne2 g4 74. Bh1 Bf1 75. Ng3 Bb5 76. Nh5 Bc6 77. Ng3 Ng7 78. Kf2 Be8 79. Ke3 Bg6
80. Nf1 Bf7 81. Ng3 Nh5 82. Ne2 Bc4 83. Nd4 Bf1 84. Nc6+ Kd6 85. Nd4 Ng3 86.
Kf2 Nxh1+ 87. Kxf1 Ng3+ 88. Kf2 Nxe4+ 89. Ke3 Kd5 90. Ne2 Ke5 91. Nf4 Nc5 92.
Ne2 f5 93. Nf4 Ne6 94. Nd3+ Kf6 95. Nf2 Kg5 96. Nd3 f4+ 97. Kf2 Nd4 98. Ne5 Kf5
99. Nc4 Nb5 100. Nd2 Nd6 101. Kg2 Ne4 102. Nc4 f3+ 103. Kf1 g3 104. Ne3+ Kf4
0-1

[Event "EuroTeams 2007 (Women)"]
[Site "Crete, Greece"]
[Date "2007.11.03"]
[Round "6.7.3"]
[White "Velcheva, Maria"]
[Black "Hernandez, Yudania"]
[Result "1-0"]
[WhiteElo "2255"]
[BlackElo "2263"]
[PlyCount "93"]
[EventDate "2007.10.28"]
[WhiteTeam "Bulgaria"]
[BlackTeam "Espana"]
[WhiteTeamCountry "BUL"]
[BlackTeamCountry "ESP"]

1. e4 d6 2. d4 Nf6 3. Nc3 g6 4. Nf3 Bg7 5. Be2 O-O 6. O-O Nbd7 7. h3 c6 8. a4
Qc7 9. a5 Re8 10. Bc4 Nxe4 11. Nxe4 d5 12. Bb3 dxe4 13. Ng5 Rf8 14. Nxe4 Nf6
15. Nxf6+ Bxf6 16. c3 Bf5 17. Qf3 Rad8 18. Re1 Bc8 19. Bh6 Bg7 20. Bf4 Qd7 21.
Bg5 Rde8 22. d5 Qd6 23. dxc6 bxc6 24. Qe3 Qc7 25. Qc5 e5 26. Be3 Re7 27. Ba4
Bb7 28. Qxa7 Ra8 29. Qb6 Qc8 30. Rad1 f5 31. Bg5 Re8 32. Bb3+ Kh8 33. Bf7 Rf8
34. Be7 Ba6 35. Bxf8 Qxf8 36. Qxc6 e4 37. Rd7 Bd3 38. Bd5 Rxa5 39. Qc7 Rc5 40.
Qb6 Rb5 41. Qc7 Rc5 42. Bc6 Be5 43. Qb6 Bf6 44. Ra1 Re5 45. Ra8 Re8 46. Rxe8
Qxe8 47. Rxh7+ 1-0

[Event "EuroTeams 2007 (Women)"]
[Site "Crete, Greece"]
[Date "2007.11.03"]
[Round "6.7.4"]
[White "Trujillo Delgado, Dafnae"]
[Black "Raeva, Elitsa"]
[Result "0-1"]
[WhiteElo "2243"]
[BlackElo "2242"]
[PlyCount "114"]
[EventDate "2007.10.28"]
[WhiteTeam "Espana"]
[BlackTeam "Bulgaria"]
[WhiteTeamCountry "ESP"]
[BlackTeamCountry "BUL"]

1. e4 c5 2. Nf3 Nc6 3. d4 cxd4 4. Nxd4 g6 5. Nc3 Bg7 6. Nb3 Nf6 7. Bc4 O-O 8.
O-O a6 9. Re1 b5 10. Bf1 d6 11. Nd5 Bb7 12. Bg5 Re8 13. Bxf6 exf6 14. Qd2 Ne7
15. Nxe7+ Rxe7 16. Na5 Bxe4 17. Rad1 Re5 18. c4 Rc8 19. b4 f5 20. Qxd6 Qxd6 21.
Rxd6 Bf8 22. Rxa6 Bxb4 23. Rd1 Re6 24. Ra7 Bxa5 25. Rxa5 bxc4 26. f3 Bb7 27.
Ra7 Rb6 28. Rc1 Bd5 29. Ra3 f4 30. Rc2 Kg7 31. h4 Rc5 32. Rac3 Be6 33. Kf2 Kf6
34. Rd2 Ke5 35. g3 fxg3+ 36. Kxg3 Rb1 37. Kf2 Rb4 38. Rdc2 Kd4 39. Re3 Rcb5 40.
Re4+ Kc5 41. a3 Rb2 42. Re5+ Bd5 43. Rxb2 Rxb2+ 44. Be2 Kd4 45. Rg5 h5 46. Rg1
c3 47. Rd1+ Rd2 48. Rxd2+ cxd2 49. Bd1 Bc4 50. a4 f5 51. a5 f4 52. Be2 Kc5 53.
Bd1 Kb4 54. Be2 Kxa5 55. Bd1 Kb4 56. Bc2 Kc3 57. Bd1 Kb2 0-1